Statistics for Texas Rangers Home Run Leader By Season

Click here to take the quiz!

General Stats

  • This quiz has been taken 23 times
  • The average score is 24 of 63

Answer Stats

Year#Player% Correct
202347Adolis García
91%
202131Adolis García
91%
201419Adrian Beltre
91%
201330Adrian Beltre
91%
201137Adrian Beltre / Nelson Cruz
91%
202233Corey Seager
86%
200832Josh Hamilton
86%
201037Josh Hamilton
86%
201243Josh Hamilton
86%
200933Nelson Cruz
73%
200347Alex Rodriguez
68%
200257Alex Rodriguez
68%
200152Alex Rodriguez
68%
201741Joey Gallo
64%
201840Joey Gallo
64%
202010Joey Gallo / Rougned Odor
64%
201634Rougned Odor
64%
201930Rougned Odor
64%
199127Juan Gonzalez
59%
199845Juan Gonzalez
59%
199346Juan Gonzalez
59%
199652Juan Gonzalez
59%
199742Juan Gonzalez
59%
199243Juan Gonzalez
59%
201523Shin-Soo Choo / Prince Fielder /
Mitch Moreland
59%
199947Rafael Palmeiro
50%
200039Rafael Palmeiro
50%
197126Frank Howard
23%
197044Frank Howard
23%
196948Frank Howard
23%
196844Frank Howard
23%
196736Frank Howard
23%
196618Frank Howard
23%
196521Frank Howard
23%
200543Mark Teixeira
23%
200633Mark Teixeira
23%
200438Mark Teixeira
23%
198823Ruben Sierra
23%
198929Ruben Sierra
23%
200721Sammy Sosa
23%
199431Jose Canseco
18%
197727Toby Harrah
18%
197425Jeff Burroughs
14%
197529Jeff Burroughs
14%
197330Jeff Burroughs
14%
197829Bobby Bonds
9%
198110Buddy Bell
9%
197918Buddy Bell / Pat Putnam /
Richie Zisk
9%
199532Mickey Tettleton
9%
199024Pete Incaviglia
9%
198630Pete Incaviglia
9%
198019Al Oliver / Richie Zisk
5%
198222Dave Hostetler
5%
196428Don Lock
5%
196327Don Lock
5%
196118Gene Green
5%
196217Harry Bright / Chuck Hinton
5%
198326Larry Parish
5%
198422Larry Parish
5%
198732Larry Parish
5%
198522Pete O'Brien
5%
197214Ted Ford
5%
197620Tom Grieve
5%

Score Distribution

Percentile by Number Answered

Percent of People with Each Score

Your Score History

You have not taken this quiz